Property Index (Record no. 120755)
[ view plain ]
| 000 -LEADER | |
|---|---|
| fixed length control field | 00847cai a22001815a 4500 |
| 001 - CONTROL NUMBER | |
| control field | L146270 |
| 008 - FIXED-LENGTH DATA ELEMENTS--GENERAL INFORMATION | |
| fixed length control field | 090105u xxkabdog s 000 0 eng d |
| 035 ## - SYSTEM CONTROL NUMBER | |
| System control number | (Sirsi) u146270 |
| 041 0# - LANGUAGE CODE | |
| Language code of text/sound track or separate title | eng |
| 110 2# - MAIN ENTRY--CORPORATE NAME | |
| Corporate name or jurisdiction name as entry element | Property Index |
| 9 (RLIN) | 5680 |
| 245 00 - TITLE STATEMENT | |
| Title | Property Index |
| Medium | [electronic resource] |
| 520 ## - SUMMARY, ETC. | |
| Summary, etc. | Source for residential property sales information, although rental properties and legal advice is also provided. Although the principal focus is the United Kingdom, overseas property is also covered. Features property search function, information on properties going to auction and a forum for those interested in residential property matters. |
| 590 ## - LOCAL NOTE (RLIN) | |
| Local note | KA |
| 651 #4 - SUBJECT ADDED ENTRY--GEOGRAPHIC NAME | |
| Geographic name | International |
| 690 ## - LOCAL SUBJECT ADDED ENTRY--TOPICAL TERM (OCLC, RLIN) | |
| Topical term or geographic name as entry element | Residential property |
| 9 (RLIN) | 6266 |
| 856 40 - ELECTRONIC LOCATION AND ACCESS | |
| Uniform Resource Identifier | <a href="https://www.propertyindex.com/">https://www.propertyindex.com/</a> |
| Public note | View the website free of charge at www.propertyindex.com... |
| 942 ## - ADDED ENTRY ELEMENTS (KOHA) | |
| Suppress in OPAC | 0 |
| Withdrawn status | Lost status | Source of classification or shelving scheme | Damaged status | Not for loan | Home library | Current library | Shelving location | Date acquired | Total Checkouts | Full call number | Barcode | Date last seen | Copy number | Price effective from | Koha item type |
|---|---|---|---|---|---|---|---|---|---|---|---|---|---|---|---|
| Dewey Decimal Classification | Virtual | Virtual | Online | 05/01/2009 | ONLINE PUBLICATION | 146270-1001 | 06/08/2019 | 1 | 06/08/2019 | Online material |